Mapas nocturnos diálogos con la obra de Jesús Martín Barbero

Más que una medida del tiempo transcurrido, este texto es el motivo para convocar las producciones de un pensamiento cuya novedad no deja de provocar efectos decisivos en nuestras formas de pensar y de comprender la realidad.

সংরক্ষণ করুন:
গ্রন্থ-পঞ্জীর বিবরন
প্রধান লেখক: García, Nestor
বিন্যাস: গ্রন্থ
ভাষা:Spanish
প্রকাশিত: Bogotá: Siglo del Hombre, 1998
মালা:Encuentros
বিষয়গুলি:
অনলাইন ব্যবহার করুন:Enlace del recurso
ট্যাগগুলো: ট্যাগ যুক্ত করুন
কোনো ট্যাগ নেই, প্রথমজন হিসাবে ট্যাগ করুন!

MARC

LEADER 00000nam a2200000 a 4500
001 000789
008 030404s1998 ck # fr# #000|0#spa|d
020 |a 958-665-018-9 
041 0 |a spa 
043 |a s-ck--- 
082 0 4 |a 302.2  |b G161m 
100 1 |a García, Nestor 
245 1 0 |a Mapas nocturnos diálogos con la obra de Jesús Martín Barbero   |c Nestor García 
260 |a Bogotá:  |b Siglo del Hombre,  |c 1998 
300 |a 248 p. 
440 0 |a Encuentros 
520 3 |a Más que una medida del tiempo transcurrido, este texto es el motivo para convocar las producciones de un pensamiento cuya novedad no deja de provocar efectos decisivos en nuestras formas de pensar y de comprender la realidad. 
650 1 4 |a COMUNICACIÓN  |z COLOMBIA 
650 1 4 |a ASPECTOS SOCIALES 
999 |c 2941  |d 2941 
856 |u https://catalogo.idep.edu.co/cgi-bin/koha/opac-detail.pl?biblionumber=2941  |z Enlace del recurso